Movies Quiz

Random Movies or Clickable Quiz

One-word Movie Mix-and-Match Quiz Stats

Quiz Updated May 18, 2013

Challenge
Share
Tweet
Score 0/26 Timer 06:00
1 Play Today
% Correct
ZOO
92.2%
POL
85.5%
GOLD
82.8%
IN
78.7%
SPAR
74.4%
JU
70.1%
GOD
66.5%
DRA
62.3%
VER
62.3%
HAL
60.8%
AV
60.3%
FAN
56.8%
PI
55.6%
% Correct
IM
53.3%
AT
45.4%
AM
45.3%
TI
45.1%
SER
39.5%
CHI
37.9%
PRE
34.2%
PA
25.9%
A
25.5%
LO
24.1%
CO
22.1%
MI
19.8%
RA
18%

You're not logged in!

Compare scores with friends on all Sporcle quizzes.
Join for Free
OR
Log In

You Might Also Like...

Show Comments

Extras

Top Quizzes Today


Score Distribution

Your Account Isn't Verified!

In order to create a playlist on Sporcle, you need to verify the email address you used during registration. Go to your Sporcle Settings to finish the process.

Report this User

Report this user for behavior that violates our Community Guidelines.

Details: